LEADER 02169nam0 22004693i 450 001 VAN0267793 005 20240118042912.512 017 70$2N$a9781461263920 100 $a20231124d1974 |0itac50 ba 101 $aeng 102 $aUS 105 $a|||| ||||| 200 1 $aLinear Multivariable Systems$fW. A. Wolovich 210 $aNew York$cSpringer-Verlag$d1974 215 $aix, 358 p.$cill.$d24 cm 410 1$1001VAN0023717$12001 $aApplied mathematical sciences$1210 $aBerlin [etc]$cSpringer$v11 606 $a12-XX$xField theory and polynomials [MSC 2020]$3VANC019746$2MF 606 $a49-XX$xCalculus of variations and optimal control; optimization [MSC 2020]$3VANC019757$2MF 606 $a34Cxx$xQualitative theory for ordinary differential equation [MSC 2020]$3VANC020690$2MF 606 $a08-XX$xGeneral algebraic systems [MSC 2020]$3VANC022421$2MF 606 $a34Axx$xGeneral theory for ordinary differential equations [MSC 2020]$3VANC023535$2MF 606 $a70Gxx$xGeneral models, approaches, and methods [MSC 2020]$3VANC024619$2MF 606 $a93-XX$xSystems theory; control [MSC 2020]$3VANC027040$2MF 606 $a70Jxx$xLinear vibration theory [MSC 2020]$3VANC027439$2MF 606 $a15Axx$xBasic linear algebra [MSC 2020]$3VANC030748$2MF 610 $aAlgebra$9KW:K 610 $aEquations$9KW:K 610 $aFunctions$9KW:K 610 $aOptimization$9KW:K 610 $aSystems$9KW:K 610 $aVariables$9KW:K 620 $aUS$dNew York$3VANL000011 700 1$aWolovich$bWilliam A.$3VANV220181$0535936 712 $aSpringer $3VANV108073$4650 801 $aIT$bSOL$c20240614$gRICA 856 4 $uhttps://doi.org/10.1007/978-1-4612-6392-0$zE-book ? Accesso al full-text attraverso riconoscimento IP di Ateneo, proxy e/o Shibboleth 899 $aBIBLIOTECA DEL DIPARTIMENTO DI MATEMATICA E FISICA$1IT-CE0120$2VAN08 912 $fN 912 $aVAN0267793 950 $aBIBLIOTECA DEL DIPARTIMENTO DI MATEMATICA E FISICA$d08CONS e-book 7319 $e08eMF7319 20231127 996 $aLinear multivariable systems$9925608 997 $aUNICAMPANIA LEADER 01387nam0 22003251i 450 001 VAN00011763 005 20240806100249.546 010 $a88-348-3077-6 100 $a20030127d1993 |0itac50 ba 101 $aita 102 $aIT 105 $a|||| ||||| 200 1 $aPersino un popolo di cavalli ha bisogno dello Stato$econtributi filosofici per un'etica del diritto e dello Stato$fOttfried Höffe$ga cura di Agata C. Amato Mangiameli 210 $aTorino$cG. Giappichelli$d[1993] 215 $a188 p.$d24 cm. 410 1$1001VAN00007580$12001 $aRecta ratio. 3. ser$1210 $aTorino$cGiappichelli$v4 517 1$3VAN00077709$aDen Staat braucht seilb ein Volk von Teufeln 606 $aDiritto naturale$3VANC003087$2FI 606 $aStato$3VANC003951$2FI 620 $dTorino$3VANL000001 676 $a171.2$v21 700 1$aHöffe$bOtfried$3VANV008776$0421144 712 $aGiappichelli $3VANV107921$4650 790 1$aHoffe, Otfried$zHöffe, Otfried$3VANV076272 801 $aIT$bSOL$c20260320$gRICA 899 $aBIBLIOTECA DEL DIPARTIMENTO DI GIURISPRUDENZA$1IT-CE0105$2VAN00 912 $aVAN00011763 950 $aBIBLIOTECA DEL DIPARTIMENTO DI GIURISPRUDENZA$d00CONS XXI.Ed.27 $e00 11373 20030127 996 $aPersino un popolo di cavalli ha bisogno dello Stato$91429883 997 $aUNICAMPANIA